000 00696nam a2200241 i 4500
001 13259
003 ES-MaACL
005 20230906150533.0
007 t|
008 961118s1996 sp ||||0| spa j
020 _a84-495-0246-2
040 _aM-BN
_bspa
_cM-BN
080 _a930.85(5-011)".../04"
100 1 _aWalker, Joseph M.
_9115933
245 1 4 _aLas civilizaciones del Próximo Oriente /
_cJoseph M. Walker.
260 _aMadrid :
_bM.E,
_c[1996]
300 _a375 p :
_bmapas ;
_c21 cm.
490 1 _aBiblioteca DM
651 _aOriente Medio-
_xCivilización.
_9170045
830 0 _aBiblioteca DM
_9228392
852 _aES-MaACL
_jL-20590
_bR.126370
999 _c13259
_d13259